000 00800cam a22002897a 4500
003 CHAP
005 20220329140753.0
008 971013s1959 r 00010 d
010 _a57337
011 _a58309
035 _a62464
040 _cCHAP
082 _a551.1
_bS5 1959
100 0 0 _aSmart, W. M.
_9106916
245 1 4 _aThe origin of the earth
250 _aRev. ed.
260 _aHarmondsworth :
_bMiddlesex, Penguin,
_c1959
300 _a223 p.
_b: ilus.
490 0 _aPelican book
_v; A339
590 _aBATCH-UPD
_b10
_c20130110
_lUCH01
_h0520
590 _aCONVERSION
_b10
_c20130109
_lUCH01
_h1331
650 1 4 _aTierra.
_9113060
830 0 _aPelican book
_v; A339
_986620
901 _aBK
942 _cLIBRO
949 _a551.1 S5 1959
_bBC
_cLIBRO
_d33724000444220
_eLIBRO
_i62464
_si
999 _c57337
_d57337